| 000 | 01311nam a2200373 i 4500 | ||
|---|---|---|---|
| 001 | 192995 | ||
| 003 | SpMaBN | ||
| 005 | 20240526062943.0 | ||
| 008 | 230720e2023 sp | |||| 000 0 spa | ||
| 017 |
_aB 17118-2014 _bOficina Depósito Legal Barcelona |
||
| 020 | _a9788416096824 | ||
| 035 | _a(OCoLC)894650818 | ||
| 035 | _aa5554702 | ||
| 040 |
_aSpMaBN _bspa _cSpMaBN _erdc _dEs-MaACL |
||
| 080 | _a159.924 | ||
| 100 | 1 |
_aSanz Chacón, Carmen _0XX5429283 _9233767 _eaut |
|
| 245 | 1 | 3 |
_aLa maldición de la inteligencia / _cCarmen Sanz Chacón |
| 246 | 0 |
_iSubtítulo de cubierta: _aCómo lograr que ser superdotado sea una ventaja y no un problema |
|
| 250 | _aVigésima edición: enero de 2023 | ||
| 260 |
_aBarcelona : _bPlataforma Editorial, _c2023 |
||
| 300 |
_a204 páginas ; _c22 cm |
||
| 336 |
_aTexto (visual) _2isbdcontent |
||
| 337 |
_asin mediación _2isbdmedia |
||
| 490 | 1 | _aPlataforma actual | |
| 500 | _aÍndice | ||
| 504 | _aBibliografía: páginas 197-204 | ||
| 650 | 7 |
_aPersonas superdotadas _2embne _9233768 |
|
| 650 | 4 |
_aInteligencia _913860 |
|
| 830 |
_9192007 _aPlataforma actual |
||
| 852 |
_aES-MaACL _bR.154414 _cDEPOJ _hDonación: Editorial _jN-8503 _9200299 |
||
| 942 |
_cMONOGRAFIA _n0 |
||
| 999 |
_c192995 _d192995 |
||